[Event "COL pre olympic sf3"]
[Site "Cartagena"]
[Date "2019.08.19"]
[Round "10"]
[White "Acuna, Nelson David"]
[Black "Cueto, Jose"]
[Result "0-1"]
[WhiteElo "1962"]
[BlackElo "2164"]
[PlyCount "162"]
[EventDate "2019.08.14"]
[EventType "swiss"]
[EventRounds "10"]
[EventCountry "COL"]
[SourceTitle "EXT 2020"]
[Source "ChessBase"]
[SourceDate "2019.10.17"]
[SourceVersion "1"]
[SourceVersionDate "2019.10.17"]
[SourceQuality "1"]

1. e4 c5 2. Nf3 Nc6 3. d4 cxd4 4. Nxd4 Nf6 5. Nc3 e5 6. Ndb5 d6 7. Nd5 Nxd5 8. exd5 Nb8 9. a4 Be7 10. Be2 0-0 11. 0-0 a6 12. Na3 f5 13. f4 exf4 14. Bxf4 Nd7 15. Nc4 Nb6 16. Na5 Bd7 17. Qd4 Qc7 18. Be3 Nc8 19. Nc4 b5 20. Nb6 Nxb6 21. Qxb6 Qxb6 22. Bxb6 bxa4 23. Bd4 Bf6 24. Bxf6 Rxf6 25. Bd3 Rff8 26. Rfe1 Kf7 27. b3 axb3 28. cxb3 Rfb8 29. Ra3 a5 30. Rea1 Rb4 31. Rxa5 Rxa5 32. Rxa5 Rxb3 33. Ra7 Ke8 34. Be2 Rb4 35. Ra8+ Kf7 36. Ra7 Ke7 37. Ra8 Rd4 38. Bf3 Ra4 39. Rb8 Ra7 40. h4 Be8 41. Kf2 Bf7 42. Ke3 Kf6 43. Kf4 g6 44. Rb6 Ra4+ 45. Kg3 Ke5 46. Rb7 Bxd5 47. Bxd5 Kxd5 48. Rxh7 Ke5 49. Re7+ Kf6 50. Rd7 Rd4 51. Kf3 Rxh4 52. Rxd6+ Kg5 53. Rd8 Rc4 54. Rg8 Rc3+ 55. Kf2 Kh5 56. Rd8 g5 57. Rd4 f4 58. Ra4 Kg4 59. Rb4 Rc2+ 60. Kf1 Rd2 61. Ra4 Kg3 62. Ra3+ Kh4 63. Rh3+ Kg4 64. Ra3 Kh5 65. Ra4 Kh4 66. Rb4 Kg4 67. Ra4 Kf5 68. Ra5+ Kf6 69. Rb5 g4 70. g3 f3 71. Rb4 Kf5 72. Rb8 Rg2 73. Rf8+ Ke6 74. Re8+ Kf7 75. Ra8 Rxg3 76. Ra6 Rg2 77. Rb6 g3 78. Rb4 Rf2+ 79. Kg1 Ke6 80. Rg4 Rg2+ 81. Kh1 Rh2+ 0-1